[Event "La Roda op 50th"]
[Site "La Roda"]
[Date "2024.03.30"]
[Round "7"]
[White "Buendia Pinar, Alvaro"]
[Black "Lotero, Camilo"]
[Result "1-0"]
[WhiteElo "2331"]
[BlackElo "2135"]
[PlyCount "91"]
[EventDate "2024.03.27"]
[EventType "swiss"]
[EventRounds "9"]
[EventCountry "ESP"]
[SourceTitle "CB14_2024"]
[SourceDate "2024.04.01"]
[SourceVersion "1"]
[SourceVersionDate "2024.04.01"]
[SourceQuality "1"]

1. d4 Nf6 2. Nf3 e6 3. c4 b6 4. Nc3 Bb7 5. e3 Bb4 6. Bd3 0-0 7. 0-0 d5 8. cxd5 exd5 9. Qc2 c5 10. a3 Ba5 11. Rb1 Qe7 12. Bd2 Nc6 13. Rfe1 c4 14. Bf1 Bxc3 15. Bxc3 Ne4 16. Nd2 Nxc3 17. Qxc3 b5 18. e4 dxe4 19. Nxe4 Rad8 20. Rbd1 Ba8 21. d5 Nb8 22. d6 Qh4 23. Ng3 Nd7 24. Qa5 Nc5 25. Qxb5 Nd3 26. Bxd3 cxd3 27. Qxd3 f5 28. Qd4 f4 29. Re7 Qg5 30. Ne4 Qg6 31. f3 h5 32. Qc4+ Kh7 33. Qe6 Bxe4 34. Qxe4 Qxe4 35. Rxe4 Rf6 36. d7 Rf7 37. Red4 a5 38. Rd5 Kh6 39. b4 axb4 40. axb4 g6 41. b5 Rf6 42. Rd6 Rf5 43. R1d5 Rff8 44. b6 Rb8 45. d8Q Rfxd8 46. Rxd8 1-0

[Event "ESP-ch Rapid"]
[Site "Linares"]
[Date "2023.08.19"]
[Round "3"]
[White "Buendia Pinar, Alvaro"]
[Black "Diaz Mino, Daniel"]
[Result "1-0"]
[WhiteElo "2352"]
[BlackElo "2053"]
[PlyCount "45"]
[EventDate "2023.08.19"]
[EventType "swiss (rapid)"]
[EventRounds "10"]
[EventCountry "ESP"]
[SourceTitle "CBM 215 Extra"]
[Source "ChessBase"]
[SourceDate "2023.09.30"]
[SourceVersion "1"]
[SourceVersionDate "2023.09.30"]
[SourceQuality "1"]

1. d4 Nf6 2. c4 d6 3. Nc3 Bf5 4. Qb3 Qc8 5. f3 Nc6 6. Be3 e5 7. dxe5 Nxe5 8. Bf2 Be7 9. e4 Bd7 10. Rd1 Bc6 11. Nge2 0-0 12. Nd4 Re8 13. Be2 Ng6 14. 0-0 Nd7 15. Bg3 Bf6 16. Nd5 Bxd5 17. cxd5 Be5 18. Qe3 Bxg3 19. hxg3 Nb6 20. Qc3 a6 21. Rc1 Re7 22. Nf5 Rd7 23. Qxg7# 1-0

[Event "ESP-ch Rapid"]
[Site "Linares"]
[Date "2023.08.19"]
[Round "10"]
[White "Diaz Castro, Ismael"]
[Black "Buendia Pinar, Alvaro"]
[Result "0-1"]
[WhiteElo "2243"]
[BlackElo "2352"]
[PlyCount "114"]
[EventDate "2023.08.19"]
[EventType "swiss (rapid)"]
[EventRounds "10"]
[EventCountry "ESP"]
[SourceTitle "CBM 215 Extra"]
[Source "ChessBase"]
[SourceDate "2023.09.30"]
[SourceVersion "1"]
[SourceVersionDate "2023.09.30"]
[SourceQuality "1"]

1. e4 c5 2. Nf3 d6 3. d4 cxd4 4. Nxd4 Nf6 5. Nc3 Nc6 6. Be2 e6 7. Be3 Be7 8. 0-0 0-0 9. Nb3 a6 10. a4 b6 11. f4 Bb7 12. Bf3 Qc7 13. Qe2 Nd7 14. Qf2 Nc5 15. g4 Nb4 16. a5 b5 17. Nxc5 dxc5 18. g5 f6 19. gxf6 Rxf6 20. e5 Rg6+ 21. Kh1 Rf8 22. Ne4 Nd5 23. Qd2 Nxe3 24. Qxe3 Bd5 25. Rg1 Rxg1+ 26. Rxg1 Kh8 27. Ng3 Qc6 28. Be4 g5 29. Rf1 c4 30. Bxd5 Qxd5+ 31. Ne4 gxf4 32. Rxf4 Rg8 33. Qd2 Bc5 34. h3 Qxd2 35. Nxd2 Be3 36. Rf6 Bxd2 37. Rxe6 Bxa5 38. Rxa6 Bd2 39. Rb6 b4 40. Rc6 c3 41. bxc3 bxc3 42. e6 Re8 43. Kg2 Kg7 44. Kf3 Kf6 45. e7+ Kf7 46. Rc4 Rxe7 47. Rh4 h6 48. Ra4 Re1 49. Ra7+ Ke6 50. Ra6+ Kd5 51. Ra5+ Kc6 52. Ra2 Re3+ 53. Kg4 Re4+ 54. Kg3 Rb4 55. Ra6+ Kb7 56. Re6 Rb2 57. Re7+ Kc6 0-1

[Event "ESP-ch Rapid"]
[Site "Linares"]
[Date "2023.08.19"]
[Round "5"]
[White "Luque Saiz, Andres"]
[Black "Buendia Pinar, Alvaro"]
[Result "1-0"]
[WhiteElo "2318"]
[BlackElo "2352"]
[PlyCount "73"]
[EventDate "2023.08.19"]
[EventType "swiss (rapid)"]
[EventRounds "10"]
[EventCountry "ESP"]
[SourceTitle "CBM 215 Extra"]
[Source "ChessBase"]
[SourceDate "2023.09.30"]
[SourceVersion "1"]
[SourceVersionDate "2023.09.30"]
[SourceQuality "1"]

1. e4 c6 2. d4 d5 3. Nd2 dxe4 4. Nxe4 Nd7 5. Nf3 Ngf6 6. Nxf6+ Nxf6 7. c3 g6 8. Bc4 Bg7 9. 0-0 0-0 10. h3 Nd5 11. Re1 a5 12. a4 Nc7 13. Bf4 Nd5 14. Bg5 f6 15. Bf4 Kh8 16. Bg3 b6 17. Qb3 g5 18. Re2 g4 19. hxg4 Bxg4 20. Rae1 Ra7 21. Qc2 Qd7 22. Bxd5 cxd5 23. Rxe7 Qxe7 24. Rxe7 Rxe7 25. Bd6 Rfe8 26. Bxe7 Rxe7 27. Qb3 h5 28. Qxb6 Re2 29. Qxa5 Rxb2 30. Qxd5 Bh6 31. Qd8+ Kg7 32. Qe7+ Kg6 33. Nh4+ Kg5 34. g3 Be2 35. Kh2 Bd1 36. Qe3+ Kg4 37. Qe4+ 1-0

[Event "ESP-ch Rapid"]
[Site "Linares"]
[Date "2023.08.19"]
[Round "2"]
[White "Pereira Figueroa, Manuel"]
[Black "Buendia Pinar, Alvaro"]
[Result "1/2-1/2"]
[WhiteElo "2064"]
[BlackElo "2352"]
[PlyCount "140"]
[EventDate "2023.08.19"]
[EventType "swiss (rapid)"]
[EventRounds "10"]
[EventCountry "ESP"]
[SourceTitle "CBM 215 Extra"]
[Source "ChessBase"]
[SourceDate "2023.09.30"]
[SourceVersion "1"]
[SourceVersionDate "2023.09.30"]
[SourceQuality "1"]

1. d4 d5 2. c4 e6 3. Nf3 a6 4. g3 Nf6 5. Bg2 Be7 6. 0-0 0-0 7. Qc2 dxc4 8. a4 Nbd7 9. Nbd2 c3 10. bxc3 c5 11. a5 Qc7 12. Nc4 cxd4 13. cxd4 Nd5 14. e4 Nb4 15. Qb3 b5 16. axb6 Nxb6 17. Na5 Rb8 18. Bf4 Qa7 19. Bxb8 Qxb8 20. Ne5 Qd6 21. Rfd1 Rd8 22. Rac1 Bf8 23. Nac6 Re8 24. Na5 f6 25. Nec6 Bd7 26. d5 exd5 27. exd5 Kh8 28. Nc4 Nxc4 29. Qxc4 a5 30. Nxa5 Ba4 31. Re1 Ra8 32. Nc6 h6 33. Re6 Qd7 34. Nxb4 Bb5 35. Qc3 Ra4 36. Re4 f5 37. Rd4 Qd6 38. Nd3 Ra7 39. Nf4 Kh7 40. Rb4 Qxb4 41. Qe5 Bd7 42. Ne6 Bxe6 43. dxe6 g6 44. h4 Bg7 45. Rc7 Rxc7 46. Qxc7 Qe1+ 47. Bf1 Qxe6 48. Qf4 Be5 49. Qf3 h5 50. Kg2 Qd6 51. Bc4 Bg7 52. Qd5 Qb8 53. Qd3 Qb7+ 54. Qd5 Qc8 55. Qd3 Qb8 56. Qd5 f4 57. Bd3 Qe5 58. Qe4 Qxe4+ 59. Bxe4 Be5 60. Kf3 fxg3 61. fxg3 Kh6 62. g4 Bf6 63. g5+ Bxg5 64. hxg5+ Kxg5 65. Bxg6 Kxg6 66. Kg3 Kg5 67. Kh3 h4 68. Kh2 Kg4 69. Kg2 h3+ 70. Kh2 Kf5 1/2-1/2

[Event "ESP-chT CECLUB Div2"]
[Site "Linares"]
[Date "2023.08.18"]
[Round "7.16"]
[White "Buendia Pinar, Alvaro"]
[Black "Luque Saiz, Andres"]
[Result "1/2-1/2"]
[WhiteElo "2352"]
[BlackElo "2318"]
[PlyCount "115"]
[EventDate "2023.08.13"]
[EventType "team-swiss"]
[EventRounds "7"]
[EventCountry "ESP"]
[SourceTitle "EXT 2024"]
[Source "ChessBase"]
[SourceDate "2023.10.10"]
[SourceVersion "1"]
[SourceVersionDate "2023.10.10"]
[SourceQuality "1"]
[WhiteTeam "Excalibur"]
[BlackTeam "Silla Integrant II"]
[WhiteTeamCountry "ESP"]
[BlackTeamCountry "ESP"]

1. d4 d5 2. c4 c6 3. Nc3 Nf6 4. Nf3 dxc4 5. a4 Bf5 6. e3 e6 7. Bxc4 Bb4 8. 0-0 Nbd7 9. Qe2 Bg6 10. Rd1 0-0 11. Bd3 Bxd3 12. Qxd3 Qe7 13. Ne4 Nxe4 14. Qxe4 a5 15. b3 Rad8 16. Bb2 Rfe8 17. Qc2 Bd6 18. Nd2 Bb4 19. Nc4 Ra8 20. e4 Qd8 21. d5 cxd5 22. exd5 exd5 23. Rxd5 Qe7 24. Ne3 Nf6 25. Re5 Qf8 26. Rg5 Ra6 27. Qf5 Ree6 28. Nd5 Ne8 29. Rg4 Rac6 30. Nxb4 axb4 31. Qd3 Qe7 32. g3 Re2 33. Bd4 h5 34. Rf4 Rcc2 35. Be3 Nf6 36. Rd1 Qe6 37. Rxb4 Ng4 38. Re4 Ne5 39. Qd5 Qxd5 40. Rxd5 f6 41. Rexe5 fxe5 42. Rxe5 Re1+ 43. Kg2 Rb2 44. Kf3 Rxb3 45. Rxh5 Ra1 46. a5 Rab1 47. Rd5 Rb5 48. Rd8+ Kh7 49. Bb6 Rf5+ 50. Kg4 Rf7 51. Rd5 Rb2 52. h4 Re7 53. f4 Rb3 54. h5 Re2 55. Rd7 Rg2 56. Rxb7 Rgxg3+ 57. Kf5 Rb5+ 58. Ke4 1/2-1/2

[Event "ESP-chT CECLUB Div2"]
[Site "Linares"]
[Date "2023.08.17"]
[Round "6.26"]
[White "Blanco Diez, David"]
[Black "Buendia Pinar, Alvaro"]
[Result "1-0"]
[WhiteElo "2279"]
[BlackElo "2352"]
[PlyCount "107"]
[EventDate "2023.08.13"]
[EventType "team-swiss"]
[EventRounds "7"]
[EventCountry "ESP"]
[SourceTitle "EXT 2024"]
[Source "ChessBase"]
[SourceDate "2023.10.10"]
[SourceVersion "1"]
[SourceVersionDate "2023.10.10"]
[SourceQuality "1"]
[WhiteTeam "Jaque Mate"]
[BlackTeam "Excalibur"]
[WhiteTeamCountry "ESP"]
[BlackTeamCountry "ESP"]

1. d4 d5 2. c4 e6 3. Nc3 a6 4. cxd5 exd5 5. Nf3 Nf6 6. Bg5 Be6 7. e3 Nbd7 8. Bd3 Bd6 9. 0-0 0-0 10. Qc2 h6 11. Bf4 Qe7 12. h3 Rac8 13. Ne5 c5 14. Nxd7 Nxd7 15. Bxd6 Qxd6 16. dxc5 Qxc5 17. Rfd1 Ne5 18. Rac1 b5 19. Qb1 Nxd3 20. Qxd3 b4 21. Ne2 Qa5 22. a3 bxa3 23. Qxa3 Qxa3 24. bxa3 g5 25. Nd4 Bd7 26. Kf1 Rc4 27. Rxc4 dxc4 28. Rc1 Rc8 29. Ke2 Rc5 30. Kd2 Kg7 31. Kc3 Ra5 32. Nc2 Be6 33. f3 h5 34. Rb1 g4 35. hxg4 hxg4 36. Rb6 g3 37. e4 Rb5 38. Rxb5 axb5 39. Nd4 Kh6 40. Ne2 Kg5 41. Nxg3 Kf4 42. Nf1 f5 43. Kd4 fxe4 44. fxe4 Bd7 45. Ne3 Kg3 46. Nd5 Kxg2 47. e5 Kf3 48. Nc7 Ke2 49. Kc3 Kd1 50. e6 Bc6 51. e7 Kc1 52. e8Q Bxe8 53. Nxe8 Kb1 54. Nd6 1-0

[Event "ESP-chT CECLUB Div2"]
[Site "Linares"]
[Date "2023.08.15"]
[Round "3.36"]
[White "Buendia Pinar, Alvaro"]
[Black "Hinojar Basa, Alfonso"]
[Result "1/2-1/2"]
[WhiteElo "2352"]
[BlackElo "2208"]
[PlyCount "82"]
[EventDate "2023.08.13"]
[EventType "team-swiss"]
[EventRounds "7"]
[EventCountry "ESP"]
[SourceTitle "EXT 2024"]
[Source "ChessBase"]
[SourceDate "2023.10.10"]
[SourceVersion "1"]
[SourceVersionDate "2023.10.10"]
[SourceQuality "1"]
[WhiteTeam "Excalibur"]
[BlackTeam "Marcos Frechin"]
[WhiteTeamCountry "ESP"]
[BlackTeamCountry "ESP"]

1. d4 Nf6 2. c4 e6 3. Nc3 Bb4 4. e3 0-0 5. Bd3 c5 6. Nge2 d5 7. cxd5 cxd4 8. exd4 Nxd5 9. 0-0 Nc6 10. Bc2 Re8 11. Qd3 g6 12. Qf3 Bf8 13. Rd1 Bg7 14. Bb3 Nce7 15. Bg5 Qa5 16. Ne4 h6 17. Nd6 Rf8 18. Bh4 Qb6 19. Bg3 Bd7 20. Nc4 Qa6 21. Ne5 Ba4 22. Nc3 Nxc3 23. bxc3 Nf5 24. Nd3 Bc6 25. Qf4 Qa3 26. Ne5 Rac8 27. Qc1 Qxc1 28. Raxc1 Nxg3 29. hxg3 Bxe5 30. dxe5 Rfd8 31. Rd4 Kf8 32. Rcd1 Ke7 33. f3 Rxd4 34. Rxd4 Bb5 35. c4 Ba6 36. Kf2 Rc5 37. f4 b6 38. g4 Bb7 39. Rd1 Ba6 40. Rd4 Bb7 41. Rd1 Ba6 1/2-1/2

[Event "ESP-chT CECLUB Div2"]
[Site "Linares"]
[Date "2023.08.15"]
[Round "4.21"]
[White "Vazquez Igarza, Renier"]
[Black "Buendia Pinar, Alvaro"]
[Result "1/2-1/2"]
[WhiteElo "2513"]
[BlackElo "2352"]
[PlyCount "69"]
[EventDate "2023.08.13"]
[EventType "team-swiss"]
[EventRounds "7"]
[EventCountry "ESP"]
[SourceTitle "EXT 2024"]
[Source "ChessBase"]
[SourceDate "2023.10.10"]
[SourceVersion "1"]
[SourceVersionDate "2023.10.10"]
[SourceQuality "1"]
[WhiteTeam "Collado Villalba"]
[BlackTeam "Excalibur"]
[WhiteTeamCountry "ESP"]
[BlackTeamCountry "ESP"]

1. Nf3 Nf6 2. c4 e6 3. e3 d5 4. b3 Be7 5. Bb2 0-0 6. Nc3 c5 7. cxd5 Nxd5 8. Be2 b6 9. Nxd5 exd5 10. d4 Bb7 11. 0-0 Nd7 12. Rc1 Rc8 13. Bd3 Bf6 14. Qe2 Qe7 15. Rfd1 Rc7 16. Bf5 Rd8 17. Ba3 Nb8 18. Rc2 g6 19. Bh3 Ba6 20. Qe1 Qe4 21. Rdc1 g5 22. Nd2 Qg6 23. Qd1 h5 24. g3 Bd3 25. Rc3 g4 26. Bf1 Bf5 27. Bg2 Rcd7 28. Nf1 Qg7 29. Qd2 Bg5 30. Bb2 cxd4 31. Rc8 dxe3 32. fxe3 Bf6 33. Bd4 Bg6 34. Rxd8+ Rxd8 35. Rc7 1/2-1/2

[Event "ESP-chT Rapid"]
[Site "Toledo"]
[Date "2022.09.25"]
[Round "7"]
[White "Buendia Pinar, Alvaro"]
[Black "Lopez Quevedo, Eduardo"]
[Result "1-0"]
[WhiteElo "2345"]
[BlackElo "2197"]
[PlyCount "105"]
[EventDate "2022.09.24"]
[EventType "team-swiss (rapid)"]
[EventRounds "9"]
[EventCountry "ESP"]
[SourceTitle "CBM 210 Extra"]
[Source "ChessBase"]
[SourceDate "2022.11.30"]
[SourceVersion "1"]
[SourceVersionDate "2022.11.30"]
[SourceQuality "1"]
[WhiteTeam "Excalibur"]
[BlackTeam "Tomelloso"]
[WhiteTeamCountry "ESP"]
[BlackTeamCountry "ESP"]

1. e4 c5 2. Nf3 Nc6 3. c3 d5 4. exd5 Qxd5 5. d4 e6 6. Be2 Nf6 7. h3 cxd4 8. cxd4 Bb4+ 9. Bd2 Be7 10. Nc3 Qd8 11. Be3 0-0 12. 0-0 Nb4 13. Rc1 b6 14. a3 Nbd5 15. Nxd5 Nxd5 16. Bd2 Bb7 17. Ne5 Qd6 18. Bf3 Rfc8 19. Qa4 a6 20. Qb3 Qd8 21. Nc4 Rab8 22. Rfd1 b5 23. Ne5 Bf6 24. Be4 g6 25. Qf3 Ba8 26. g4 Qe7 27. Ba5 Bg5 28. Rxc8+ Rxc8 29. Bb4 Qf6 30. Bc5 Qxf3 31. Nxf3 Bf6 32. b4 Nc3 33. Bxa8 Nxd1 34. Bb7 Rb8 35. Bc6 Nc3 36. g5 Bg7 37. h4 Bf8 38. Ne5 Bxc5 39. dxc5 Nd5 40. Bxd5 exd5 41. f4 Rd8 42. Kf2 Kf8 43. Ke3 a5 44. Kd4 axb4 45. axb4 Ra8 46. Kxd5 Ra4 47. c6 Ke7 48. Kc5 Ra1 49. Kxb5 Rf1 50. Kb6 Rxf4 51. c7 Rxb4+ 52. Kc5 Rb1 53. c8Q 1-0

[Event "ESP-chT Rapid"]
[Site "Toledo"]
[Date "2022.09.24"]
[Round "3"]
[White "Buendia Pinar, Alvaro"]
[Black "Iturrizaga Bonelli, Eduardo"]
[Result "0-1"]
[WhiteElo "2345"]
[BlackElo "2630"]
[PlyCount "140"]
[EventDate "2022.09.24"]
[EventType "team-swiss (rapid)"]
[EventRounds "9"]
[EventCountry "ESP"]
[SourceTitle "CBM 210 Extra"]
[Source "ChessBase"]
[SourceDate "2022.11.30"]
[SourceVersion "1"]
[SourceVersionDate "2022.11.30"]
[SourceQuality "1"]
[WhiteTeam "Excalibur"]
[BlackTeam "Costa Calida"]
[WhiteTeamCountry "ESP"]
[BlackTeamCountry "ESP"]

1. d4 Nf6 2. c4 e6 3. Nc3 Bb4 4. e3 0-0 5. Bd3 d5 6. Nge2 Re8 7. a3 Bf8 8. 0-0 Nbd7 9. e4 dxe4 10. Nxe4 b6 11. N2g3 Bb7 12. Qc2 Rc8 13. b4 c5 14. Nxf6+ Nxf6 15. dxc5 bxc5 16. b5 g6 17. Bb2 Bg7 18. Rad1 Qc7 19. f4 Red8 20. Be5 Qb6 21. Qb2 Ne8 22. Be4 f6 23. Bc3 f5 24. Bxb7 Qxb7 25. Be5 Qb6 26. Qc3 Bxe5 27. Qxe5 Rd4 28. a4 Qd6 29. Rc1 Qxe5 30. fxe5 Rcd8 31. a5 Kf7 32. Rf3 Ke7 33. Rb3 Kd7 34. b6 axb6 35. Rxb6 Ra8 36. a6 Nc7 37. Ra1 Rxc4 38. Rd6+ Kc8 39. Ne2 g5 40. Kf2 Rc2 41. Ke1 Rb2 42. h4 h6 43. h5 Rab8 44. Nc3 Rxg2 45. Kf1 Rh2 46. Kg1 Rhb2 47. Rad1 Nd5 48. Nxd5 exd5 49. Rc6+ Kd7 50. Rxc5 Rb1 51. Rcxd5+ Ke6 52. R5d2 Rxd1+ 53. Rxd1 Kxe5 54. a7 Ra8 55. Rd7 Kf4 56. Rd4+ Kg3 57. Ra4 f4 58. Ra3+ Kg4 59. Kg2 Kxh5 60. Kf3 Kg6 61. Ra6+ Kf5 62. Ra5+ Ke6 63. Kg4 Kd6 64. Ra6+ Kc5 65. Rxh6 Rxa7 66. Kxg5 Rf7 67. Rh1 f3 68. Kg4 f2 69. Rf1 Kd4 70. Kg3 Ke3 0-1

[Event "ESP-chT CECLUB Div2"]
[Site "Linares"]
[Date "2022.08.24"]
[Round "4.5"]
[White "Plazuelo Pascual, Juan"]
[Black "Buendia Pinar, Alvaro"]
[Result "1-0"]
[WhiteElo "2441"]
[BlackElo "2321"]
[PlyCount "81"]
[EventDate "2022.08.22"]
[EventType "team-swiss"]
[EventRounds "7"]
[EventCountry "ESP"]
[SourceTitle "CBM 209 Extra"]
[Source "ChessBase"]
[SourceDate "2022.09.30"]
[SourceVersion "1"]
[SourceVersionDate "2022.09.30"]
[SourceQuality "1"]
[WhiteTeam "Diagonal Alcorcon"]
[BlackTeam "Excalibur"]
[WhiteTeamCountry "ESP"]
[BlackTeamCountry "ESP"]

1. e4 c6 2. d4 d5 3. e5 c5 4. dxc5 e6 5. Be3 Nd7 6. Bb5 Qc7 7. b4 Qxe5 8. Ne2 Qc7 9. Nbc3 Ne7 10. Bf4 Qd8 11. Ba4 a6 12. 0-0 f6 13. Nd4 Kf7 14. Qf3 Nb8 15. Bxb8 Rxb8 16. Rfe1 h5 17. Bb3 g5 18. Rad1 g4 19. Qe2 e5 20. Nxd5 Nxd5 21. Nf5 Be6 22. Bxd5 Bxd5 23. Ne3 Qe8 24. Nxd5 Bg7 25. Nb6 Rg8 26. Qe4 Rd8 27. Qxb7+ Kg6 28. Qxa6 e4 29. Qc4 f5 30. Rxd8 Qxd8 31. Nd5 Be5 32. Ne7+ Qxe7 33. Qxg8+ Kh6 34. Qd5 h4 35. g3 Kh5 36. Rd1 e3 37. fxe3 hxg3 38. hxg3 Bxg3 39. Qxf5+ Kh4 40. Kg2 Qb7+ 41. Qd5 1-0

[Event "ESP-chT CECLUB Div2"]
[Site "Linares"]
[Date "2022.08.22"]
[Round "1.7"]
[White "De Nacimiento Montano, Angel"]
[Black "Buendia Pinar, Alvaro"]
[Result "0-1"]
[WhiteElo "2226"]
[BlackElo "2321"]
[PlyCount "116"]
[EventDate "2022.08.22"]
[EventType "team-swiss"]
[EventRounds "7"]
[EventCountry "ESP"]
[SourceTitle "CBM 209 Extra"]
[Source "ChessBase"]
[SourceDate "2022.09.30"]
[SourceVersion "1"]
[SourceVersionDate "2022.09.30"]
[SourceQuality "1"]
[WhiteTeam "Albatros"]
[BlackTeam "Excalibur"]
[WhiteTeamCountry "ESP"]
[BlackTeamCountry "ESP"]

1. d4 d5 2. Bf4 Nf6 3. e3 e6 4. Nd2 Bd6 5. Bg3 c5 6. c3 Nc6 7. Ngf3 Qe7 8. Ne5 Nd7 9. Bb5 Ndxe5 10. dxe5 Bc7 11. Qg4 Qf8 12. f4 Bd7 13. a4 a6 14. Bd3 h5 15. Qe2 g5 16. Nf3 g4 17. Ng5 Qg7 18. Bh4 Nxe5 19. fxe5 Bd8 20. 0-0 Bxg5 21. Bxg5 Qxg5 22. Qf2 Rf8 23. e4 c4 24. Bc2 Bc6 25. exd5 Bxd5 26. Qc5 g3 27. hxg3 Qxg3 28. Rf2 Rg8 29. Qc7 f5 30. Rd1 Rg7 31. Qb6 Qxe5 32. Rdd2 Qc7 33. Qxc7 Rxc7 34. Bxf5 Ke7 35. Rfe2 Rc5 36. Rd4 Rf8 37. Bg6 Bc6 38. Be4 Rf4 39. Bxc6 Rxd4 40. cxd4 Rxc6 41. d5 Rd6 42. Re4 b5 43. axb5 axb5 44. dxe6 Rxe6 45. Rh4 Re5 46. Kf2 Kd6 47. g4 hxg4 48. Rxg4 Kc5 49. Rg3 Kb4 50. Kf1 Re8 51. Ra3 Rh8 52. Ke1 Rh2 53. Kd1 Rxb2 54. Rg3 Rh2 55. Rg5 c3 56. Kc1 Kc4 57. Rg4+ Kb3 58. Rg1 Ra2 0-1

[Event "La Roda op 48th"]
[Site "La Roda"]
[Date "2022.04.15"]
[Round "5"]
[White "Buendia Pinar, Alvaro"]
[Black "Hernandez Ramos, Alberto"]
[Result "1/2-1/2"]
[WhiteElo "2295"]
[BlackElo "2086"]
[PlyCount "70"]
[EventDate "2022.04.13"]
[EventType "swiss"]
[EventRounds "9"]
[EventCountry "ESP"]
[SourceTitle "CBM 207 Extra"]
[Source "ChessBase"]
[SourceDate "2022.05.31"]
[SourceVersion "1"]
[SourceVersionDate "2022.05.31"]
[SourceQuality "1"]

1. e4 e5 2. Nf3 Nc6 3. d4 exd4 4. Nxd4 Bc5 5. Be3 Qf6 6. c3 Nge7 7. Bc4 0-0 8. 0-0 b6 9. f4 d5 10. e5 Qh6 11. Be2 Nxe5 12. Qd2 Bxd4 13. cxd4 Nc4 14. Bxc4 dxc4 15. Na3 Nf5 16. Nxc4 Bb7 17. Qf2 Nh4 18. f5 Qc6 19. f6 Qxg2+ 20. Qxg2 Nxg2 21. Bg5 h6 22. fxg7 Kxg7 23. Bf6+ Kh7 24. Be7 Rg8 25. Rxf7+ Rg7 26. Rxg7+ Kxg7 27. Rf1 Re8 28. Bf6+ Kh7 29. Be5 Bd5 30. b3 Rg8 31. Bg3 Nh4 32. Rf4 Nf3+ 33. Kf2 Ng5 34. Kf1 Re8 35. Ne5 Re7 1/2-1/2

[Event "La Roda op 48th"]
[Site "La Roda"]
[Date "2022.04.15"]
[Round "4"]
[White "Praggnanandhaa, Rameshbabu"]
[Black "Buendia Pinar, Alvaro"]
[Result "1-0"]
[WhiteElo "2624"]
[BlackElo "2295"]
[PlyCount "95"]
[EventDate "2022.04.13"]
[EventType "swiss"]
[EventRounds "9"]
[EventCountry "ESP"]
[SourceTitle "CBM 207 Extra"]
[Source "ChessBase"]
[SourceDate "2022.05.31"]
[SourceVersion "1"]
[SourceVersionDate "2022.05.31"]
[SourceQuality "1"]

1. d4 Nf6 2. c4 e6 3. Nc3 d5 4. cxd5 exd5 5. Bg5 Be7 6. e3 c6 7. Bd3 Nbd7 8. Nge2 0-0 9. Qc2 Re8 10. 0-0 Nf8 11. Rad1 g6 12. a4 a5 13. f3 Ne6 14. Bh4 Ng7 15. e4 dxe4 16. fxe4 Ng4 17. Bxe7 Qxe7 18. Qc1 f5 19. h3 Nf6 20. e5 Nfh5 21. Bc4+ Be6 22. b3 Kh8 23. Kh2 Rad8 24. Rfe1 Rf8 25. Qe3 f4 26. Qf3 Bxc4 27. bxc4 Nf5 28. Rd3 Ne3 29. Rxe3 fxe3 30. Qxe3 Rde8 31. Ne4 Nf6 32. N2g3 Nxe4 33. Nxe4 Rd8 34. Rb1 Rd7 35. Nc5 Rc7 36. Kg1 Rd8 37. Qc3 Kg8 38. Ne4 Qh4 39. Qe3 Re7 40. Rf1 c5 41. Nf6+ Kg7 42. d5 Qxc4 43. Rf4 Qa2 44. Qc3 Qb1+ 45. Kh2 c4 46. e6 Qb4 47. Ne8+ Kg8 48. Qh8+ 1-0

[Event "La Roda op 48th"]
[Site "La Roda"]
[Date "2022.04.14"]
[Round "3"]
[White "Buendia Pinar, Alvaro"]
[Black "Garcia Gata, Jorge David"]
[Result "1-0"]
[WhiteElo "2295"]
[BlackElo "2106"]
[PlyCount "85"]
[EventDate "2022.04.13"]
[EventType "swiss"]
[EventRounds "9"]
[EventCountry "ESP"]
[SourceTitle "CBM 207 Extra"]
[Source "ChessBase"]
[SourceDate "2022.05.31"]
[SourceVersion "1"]
[SourceVersionDate "2022.05.31"]
[SourceQuality "1"]

1. e4 c5 2. Nc3 Nc6 3. f4 g6 4. Nf3 Bg7 5. Bb5 Nd4 6. Nxd4 cxd4 7. Ne2 Nf6 8. Ng3 0-0 9. Bd3 d6 10. 0-0 e5 11. f5 h5 12. fxg6 fxg6 13. Bc4+ Kh7 14. d3 Ng4 15. Rxf8 Qxf8 16. Qf1 Qxf1+ 17. Nxf1 Bd7 18. h3 Nf6 19. a4 Bh6 20. Bxh6 Kxh6 21. b4 h4 22. Nd2 Nh5 23. Bd5 Ng3 24. b5 Rc8 25. Nc4 b6 26. Nxd6 Rxc2 27. Nf7+ Kh5 28. Nxe5 Ne2+ 29. Kh2 Bxh3 30. gxh3 Nf4+ 31. Kh1 Nxh3 32. Ra2 Rc1+ 33. Kh2 Nf4 34. Rf2 g5 35. Bf7+ Kh6 36. Ng4+ Kg7 37. Bc4 Rc3 38. e5 Kf8 39. Nf6 Ke7 40. Ne4 Ra3 41. Nxg5 Nxd3 42. Rf7+ Ke8 43. Rf3 1-0

[Event "La Roda op 47th"]
[Site "La Roda"]
[Date "2021.12.06"]
[Round "5"]
[White "Buendia Pinar, Alvaro"]
[Black "Fernandez Garcia, Gumersindo"]
[Result "1/2-1/2"]
[WhiteElo "2318"]
[BlackElo "2169"]
[PlyCount "112"]
[EventDate "2021.12.04"]
[EventType "swiss"]
[EventRounds "9"]
[EventCountry "ESP"]
[SourceTitle "CBM 205 Extra"]
[Source "ChessBase"]
[SourceDate "2022.01.31"]
[SourceVersion "1"]
[SourceVersionDate "2022.01.31"]
[SourceQuality "1"]

1. e4 c5 2. Nf3 g6 3. c3 Bg7 4. d4 cxd4 5. cxd4 d5 6. e5 Nc6 7. h3 a6 8. a3 f6 9. exf6 Nxf6 10. Nc3 0-0 11. Bd3 Nh5 12. Ne2 Qb6 13. Bc2 Rxf3 14. gxf3 Nxd4 15. Be3 Nxf3+ 16. Kf1 d4 17. Be4 dxe3 18. Bxf3 Be6 19. Bxh5 gxh5 20. f4 Qc6 21. Rh2 Qf3+ 22. Kg1 Bxh3 23. Nd4 Qg3+ 24. Kh1 Bg4 25. Qb3+ Kh8 26. Qxb7 Rg8 27. Qe4 Bf6 28. Rg2 Qh4+ 29. Rh2 Bh3 30. Nf5 Bxf5 31. Qxf5 Qg4 32. Qxh5 Qxh5 33. Rxh5 Bxb2 34. Re1 Bxa3 35. Rxe3 Bd6 36. f5 Rf8 37. Kg2 Bb4 38. Re6 a5 39. Ra6 Kg7 40. Rg5+ Kf7 41. Kf3 Rc8 42. Rh5 Kg7 43. Rh2 Rd8 44. Ke4 Rd6 45. Ra7 Rd1 46. Ra6 Re1+ 47. Kd3 Re5 48. Rf2 Re1 49. Rg2+ Kf7 50. Rh2 Kg7 51. Rah6 Bd6 52. Rxh7+ Kf6 53. R2h5 a4 54. R7h6+ Kf7 55. Rh7+ Kf6 56. R7h6+ Kf7 1/2-1/2